| 000 | 01406nam a22003017a 4500 | ||
|---|---|---|---|
| 001 | 22146 | ||
| 005 | 20260331144726.0 | ||
| 008 | 260330b |||||||| |||| 00| 0 spa d | ||
| 020 | _a9786071520227 | ||
| 041 | _aESP | ||
| 082 |
_a658.4012 _bT48 2023 |
||
| 100 |
_aThompson, Arthur A. _eAUT |
||
| 245 |
_aAdministración estratégica : _ben busca de la ventaja competitiva |
||
| 250 | _aVigesimotercera edición | ||
| 260 |
_aCiudad de México : _bMcGraw-Hill Interamericana Editores, _c2023 |
||
| 300 |
_aVarias paginaciones : _btablas ; _c27 cm. |
||
| 440 | _a ; | ||
| 650 | _aTCA | ||
| 653 | _aAdministración; Gerencia ejecutiva; Administración - Planificación; Administración - Estrategia | ||
| 654 | _aCAN | ||
| 700 |
_aPeteraf, Margaret A., _cAUT |
||
| 700 |
_aGamble, John E., _cAUT |
||
| 700 |
_aStrickland III, A. J., _cAUT |
||
| 856 |
_uhttps://0u213utqu-y-https-ebooks7--24-com.itmsp.museknowledge.com/visorEpub.aspx?i=31450&t=75CB45B6-F41E-41F8-A3DE-AC250F4110BF _zVersión digital |
||
| 856 |
_uhttps://0u213utzc-y-https-ebooks7--24-com.itmsp.museknowledge.com/biblioteca.aspx _zVéase además: Base de datos Ebook7-24 |
||
| 856 |
_uhttps://0u213utz5-y-https-ebooks7--24-com.itmsp.museknowledge.com/visorBook.aspx?i=9441&t=B7E73289-B7E1-404E-A33C-677AA55FC65F _zVéase además: Administración estratégica, por Charles Hill. Versión digital |
||
| 942 |
_cLIB _dJUS _fTRC _n0 _2ddc |
||
| 999 |
_c22146 _d22146 |
||